Child rights and social wrongs: an analysis of contemporary realities, v1:Child as victim:dimensions of abuse and exploitation, v2:Violations of child rights:initiatives and institutions for reform, v3:Child as global citizen:a third world perspective (Record no. 93411)

MARC details
000 -LEADER
fixed length control field 00570nam a2200145Ia 4500
008 - FIXED-LENGTH DATA ELEMENTS--GENERAL INFORMATION
fixed length control field 230917s9999||||xx |||||||||||||| ||und||
040 ## - CATALOGING SOURCE
-- 78898
Original cataloging agency VIVEKANANDA LIBRARY
041 ## - Language
-- English
082 ## - DDC NUMBER
Classification number 340 S64C
100 ## - MAIN ENTRY--PERSONAL NAME
Personal name Singh, Dolly, ed
245 #0 - TITLE STATEMENT
Title Child rights and social wrongs: an analysis of contemporary realities, v1:Child as victim:dimensions of abuse and exploitation, v2:Violations of child rights:initiatives and institutions for reform, v3:Child as global citizen:a third world perspective
260 ## - PUBLICATION, DISTRIBUTION, ETC. (IMPRINT)
Place of publication, distribution, etc New Delhi
Name of publisher, distributor, etc Kanishka
Date of publication, distribution, etc 2001
300 ## - PHYSICAL DESCRIPTION
Pages 314 p.
942 ## - ADDED ENTRY ELEMENTS (KOHA)
Koha item type Books
Holdings
Withdrawn status Lost status Damaged status Not for loan Location (home branch) Sublocation or collection (holding branch) Date acquired Koha issues (times borrowed) Koha full call number Accession No. Koha date last seen Koha item type
        VIVEKANANDA LIBRARY VIVEKANANDA LIBRARY 06/03/2003   340 S64C 174831 17/09/2023 Books
        VIVEKANANDA LIBRARY VIVEKANANDA LIBRARY 06/03/2003   340 S64C 174832 17/09/2023 Books
        VIVEKANANDA LIBRARY VIVEKANANDA LIBRARY 06/03/2003   340 S64C 174833 17/09/2023 Books
© Designed and Maintained by Vivekananda Library, MDU Rohtak